[Event "Regionalliga SW 1617 (Women)"]
[Site "Germany"]
[Date "2016.10.23"]
[Round "1.1"]
[White "Tampe, Friederike"]
[Black "Sonnhalter, Stella"]
[Result "0-1"]
[WhiteElo "1377"]
[BlackElo "1799"]
[PlyCount "74"]
[EventDate "2016.10.23"]
[EventType "team-tourn"]
[EventRounds "5"]
[EventCountry "GER"]
[SourceTitle "EXT 2018"]
[Source "ChessBase"]
[SourceDate "2017.10.13"]
[SourceVersion "1"]
[SourceVersionDate "2017.10.13"]
[SourceQuality "1"]
[WhiteTeam "Gernsheim (W) II"]
[BlackTeam "Riegelsberg (W)"]
[WhiteTeamCountry "GER"]
[BlackTeamCountry "GER"]

1. e4 c5 2. Nf3 Nc6 3. d4 cxd4 4. Nxd4 g6 5. Nc3 Bg7 6. Be3 Nf6 7. Be2 0-0 8. 0-0 d5 9. exd5 Nb4 10. Rb1 Nbxd5 11. Nxd5 Nxd5 12. Bg5 Qa5 13. Nf3 Rd8 14. Qd2 Qc7 15. Bd3 Be6 16. Rfe1 Rac8 17. Bh6 Nf6 18. Bxg7 Kxg7 19. Rbc1 Rd5 20. Qb4 a5 21. Qa3 Rh5 22. h3 Qf4 23. Bf1 Rhc5 24. Qe3 Qxe3 25. Rxe3 Rxc2 26. Rxc2 Rxc2 27. Re5 Rxb2 28. Rxa5 Bxa2 29. Ne5 Bd5 30. Nd3 Rb1 31. Rc5 b5 32. Ne5 b4 33. Rc7 b3 34. Rc8 Ne4 35. Nf3 b2 36. Rb8 Bc4 37. Kh2 Bxf1 0-1

[Event "Regionalliga SW 1516 (Women)"]
[Site "Germany"]
[Date "2015.09.27"]
[Round "1.1"]
[White "Ries, Jutta"]
[Black "Sonnhalter, Stella"]
[Result "1-0"]
[WhiteElo "1921"]
[BlackElo "1833"]
[PlyCount "49"]
[EventDate "2015.09.27"]
[EventType "team-tourn"]
[EventRounds "5"]
[EventCountry "GER"]
[SourceTitle "EXT 2018"]
[Source "ChessBase"]
[SourceDate "2017.10.13"]
[SourceVersion "1"]
[SourceVersionDate "2017.10.13"]
[SourceQuality "1"]
[WhiteTeam "Gernsheim (W)"]
[BlackTeam "Riegelsberg (W)"]
[WhiteTeamCountry "GER"]
[BlackTeamCountry "GER"]

1. f4 Nf6 2. Nf3 c5 3. e3 Nc6 4. b3 g6 5. Bb2 Bg7 6. Bb5 0-0 7. 0-0 d5 8. Bxc6 bxc6 9. Ne5 Qb6 10. Nc3 Rd8 11. Rb1 d4 12. Na4 Qc7 13. Qe2 Ne4 14. exd4 Ba6 15. Qxe4 Bxf1 16. Rxf1 Bxe5 17. fxe5 cxd4 18. Bxd4 Rd5 19. c4 Rdd8 20. Be3 Kg7 21. Nc5 Rf8 22. d4 e6 23. Qh4 h5 24. Qf6+ Kh7 25. Ne4 1-0

[Event "GER-chT Lands U20"]
[Site "Hannover"]
[Date "2013.10.02"]
[Round "1.4"]
[White "Keller, Peter1111"]
[Black "Sonnhalter, Stella"]
[Result "1-0"]
[WhiteElo "1985"]
[BlackElo "1765"]
[PlyCount "75"]
[EventDate "2013.10.02"]
[EventType "team-swiss"]
[EventRounds "7"]
[EventCountry "GER"]
[SourceTitle "EXT 2014"]
[Source "ChessBase"]
[SourceDate "2013.11.20"]
[SourceVersion "1"]
[SourceVersionDate "2013.11.20"]
[SourceQuality "1"]
[WhiteTeam "Hessen"]
[BlackTeam "Saarland"]
[WhiteTeamCountry "GER"]
[BlackTeamCountry "SAA"]

1. e4 c5 2. Nf3 Nc6 3. d4 cxd4 4. Nxd4 g6 5. Nc3 Bg7 6. Nb3 Nf6 7. Be2 0-0 8. 0-0 b6 9. Bg5 Bb7 10. f4 Rc8 11. Bf3 d6 12. Nd5 Nxd5 13. exd5 Nb8 14. c3 Nd7 15. Re1 Nf6 16. a4 Re8 17. a5 Ba6 18. Be2 Bxe2 19. Rxe2 bxa5 20. Kh1 Qb6 21. Nxa5 Nxd5 22. Qxd5 Rc5 23. Qa2 e5 24. fxe5 Rcxe5 25. Rxe5 dxe5 26. Nc4 Qc5 27. Be3 Qd5 28. Bxa7 Bh6 29. Be3 Bxe3 30. Nxe3 Qd2 31. Nd5 Kg7 32. b4 Qd3 33. c4 e4 34. Qb2+ Kh6 35. Qc3 Re6 36. h3 Qe2 37. Re1 Qf2 38. Qe3+ 1-0

[Event "GER-ch U25 op-A"]
[Site "Oberhof"]
[Date "2013.05.25"]
[Round "9"]
[White "Sonnhalter, Stella"]
[Black "Herrmann, Heribert"]
[Result "1-0"]
[WhiteElo "1843"]
[BlackElo "1683"]
[PlyCount "35"]
[EventDate "2013.05.19"]
[EventType "swiss"]
[EventRounds "9"]
[EventCountry "GER"]
[SourceTitle "CBM 154 Extra"]
[Source "ChessBase"]
[SourceDate "2013.06.25"]
[SourceVersion "2"]
[SourceVersionDate "2013.06.25"]
[SourceQuality "1"]

1. e4 d6 2. d4 Nf6 3. Nc3 g6 4. f4 Bg7 5. Nf3 Bg4 6. Bd3 c6 7. 0-0 Nbd7 8. Be3 e5 9. h3 Bxf3 10. Qxf3 0-0 11. Rad1 exf4 12. Bxf4 Qb6 13. Bc4 Ne5 14. Qe2 Nxc4 15. Qxc4 d5 16. exd5 Nxd5 17. Na4 Nxf4 18. Nxb6 1-0

[Event "GER-ch U25 op-A"]
[Site "Oberhof"]
[Date "2013.05.24"]
[Round "8"]
[White "Vergin, Marcel"]
[Black "Sonnhalter, Stella"]
[Result "1/2-1/2"]
[WhiteElo "1801"]
[BlackElo "1843"]
[PlyCount "61"]
[EventDate "2013.05.19"]
[EventType "swiss"]
[EventRounds "9"]
[EventCountry "GER"]
[SourceTitle "CBM 154 Extra"]
[Source "ChessBase"]
[SourceDate "2013.06.25"]
[SourceVersion "2"]
[SourceVersionDate "2013.06.25"]
[SourceQuality "1"]

1. d4 Nf6 2. Bg5 e6 3. Bxf6 Qxf6 4. Nf3 c5 5. e3 Nc6 6. c3 b6 7. Bd3 Bb7 8. Nbd2 d5 9. 0-0 Bd6 10. dxc5 Bxc5 11. e4 0-0 12. Qe2 Ne5 13. Nxe5 Qxe5 14. Nf3 Qh5 15. e5 Rad8 16. Nd4 Qxe2 17. Bxe2 Rc8 18. Bd3 a6 19. Rac1 b5 20. a3 Rc7 21. Rc2 Re8 22. f4 Bc8 23. Kf2 f6 24. Ke1 Bd7 25. Rff2 Kf7 26. Kd1 f5 27. h3 Ke7 28. g4 g6 29. gxf5 gxf5 30. Rg2 Kf7 31. Ke1 1/2-1/2

[Event "GER-ch U25 op-A"]
[Site "Oberhof"]
[Date "2013.05.21"]
[Round "4"]
[White "Sonnhalter, Stella"]
[Black "Wastian, Jan"]
[Result "0-1"]
[WhiteElo "1843"]
[BlackElo "1636"]
[PlyCount "82"]
[EventDate "2013.05.19"]
[EventType "swiss"]
[EventRounds "9"]
[EventCountry "GER"]
[SourceTitle "CBM 154 Extra"]
[Source "ChessBase"]
[SourceDate "2013.06.25"]
[SourceVersion "2"]
[SourceVersionDate "2013.06.25"]
[SourceQuality "1"]

1. e4 c6 2. Nf3 d5 3. exd5 cxd5 4. Ne5 Nd7 5. d4 g6 6. Bd3 Bg7 7. Qe2 Nxe5 8. dxe5 Nh6 9. Nd2 Nf5 10. Nf3 0-0 11. 0-0 Qb6 12. c3 Rd8 13. Bxf5 Bxf5 14. Nd4 Bd7 15. Kh1 Qc7 16. f4 Rac8 17. Bd2 Qc4 18. Qe3 e6 19. Rae1 Re8 20. b3 Qc5 21. Qh3 b5 22. g4 b4 23. Rf3 bxc3 24. Bxc3 Qb6 25. Qh4 Rxc3 26. Rxc3 Qxd4 27. Rh3 h6 28. Rf3 Qb6 29. Rd1 Bc6 30. Rfd3 Bf8 31. h3 Qb4 32. Rd4 Qc3 33. R1d3 Qa1+ 34. Rd1 Qxa2 35. Rc1 Qb2 36. Rcd1 Qxb3 37. R4d3 Qc2 38. R1d2 Qc1+ 39. Kh2 Bb4 40. Rf2 Be1 41. Rf1 Qc2+ 0-1

[Event "GER-ch U25 op-A"]
[Site "Oberhof"]
[Date "2013.05.19"]
[Round "2"]
[White "Sonnhalter, Stella"]
[Black "Zesewitz, Maik"]
[Result "0-1"]
[WhiteElo "1843"]
[BlackElo "1552"]
[PlyCount "32"]
[EventDate "2013.05.19"]
[EventType "swiss"]
[EventRounds "9"]
[EventCountry "GER"]
[SourceTitle "CBM 154 Extra"]
[Source "ChessBase"]
[SourceDate "2013.06.25"]
[SourceVersion "2"]
[SourceVersionDate "2013.06.25"]
[SourceQuality "1"]

1. e4 e5 2. Nf3 Nc6 3. Bc4 Bc5 4. c3 Nf6 5. d3 d6 6. Bb3 0-0 7. Nbd2 Qe7 8. Qe2 a6 9. Nf1 h6 10. Ng3 Ng4 11. 0-0 Be6 12. Bc2 Qd7 13. h3 Nf6 14. Nh4 Ne7 15. Kh1 Bxh3 16. Qf3 Bg4 0-1

[Event "GER-chT U20 Girls"]
[Site "Osnabrueck"]
[Date "2012.12.28"]
[Round "4.1"]
[White "Dannert, Katrin"]
[Black "Sonnhalter, Stella"]
[Result "0-1"]
[WhiteElo "1460"]
[BlackElo "1817"]
[PlyCount "76"]
[EventDate "2012.12.27"]
[EventType "team-swiss"]
[EventRounds "7"]
[EventCountry "GER"]
[SourceTitle "EXT 2014"]
[Source "ChessBase"]
[SourceDate "2013.11.20"]
[SourceVersion "1"]
[SourceVersionDate "2013.11.20"]
[SourceQuality "1"]
[WhiteTeam "Lingen"]
[BlackTeam "Heusweiler SC Reti"]
[WhiteTeamCountry "GER"]
[BlackTeamCountry "GER"]

1. e4 c5 2. b3 d5 3. exd5 Qxd5 4. Nc3 Qd8 5. Bc4 Nf6 6. Bb2 Nc6 7. Nf3 a6 8. a4 Bf5 9. 0-0 e6 10. Re1 Be7 11. Ne2 0-0 12. Ng3 Bg4 13. h3 Bxf3 14. gxf3 Nd5 15. Nh5 Bd6 16. f4 Nxf4 17. Nxf4 Bxf4 18. Qg4 e5 19. Kh1 Qf6 20. Rg1 Bxd2 21. Rad1 Rad8 22. Bd3 Bf4 23. Rg2 Nd4 24. Rdg1 g6 25. h4 Nf3 26. Rd1 Qxh4+ 27. Qxh4 Nxh4 28. Rg4 Nf3 29. Bc3 h5 30. Rg2 Kg7 31. Rb1 h4 32. Be4 h3 33. Rg4 Nd2 34. Re1 Nxe4 35. Rxf4 Nxc3 36. Rf3 Rd1 37. Rg1 Rxg1+ 38. Kxg1 Ne2+ 0-1

[Event "GER-chT U20 Girls"]
[Site "Osnabrueck"]
[Date "2012.12.27"]
[Round "1.1"]
[White "Sonnhalter, Stella"]
[Black "Reck, Jessica"]
[Result "1-0"]
[WhiteElo "1817"]
[BlackElo "1288"]
[PlyCount "45"]
[EventDate "2012.12.27"]
[EventType "team-swiss"]
[EventRounds "7"]
[EventCountry "GER"]
[SourceTitle "EXT 2014"]
[Source "ChessBase"]
[SourceDate "2013.11.20"]
[SourceVersion "1"]
[SourceVersionDate "2013.11.20"]
[SourceQuality "1"]
[WhiteTeam "Heusweiler SC Reti"]
[BlackTeam "Leegebruch"]
[WhiteTeamCountry "GER"]
[BlackTeamCountry "GER"]

1. e4 e6 2. d3 d5 3. Nd2 Ne7 4. Ngf3 Ng6 5. g3 Nd7 6. Bg2 c6 7. 0-0 Be7 8. Re1 h5 9. h4 Nde5 10. Nxe5 Nxe5 11. exd5 Ng4 12. dxc6 Qb6 13. Qf3 Rb8 14. Nc4 Qc7 15. Bf4 e5 16. Nxe5 0-0 17. Nxg4 Bd6 18. Bxd6 Qxd6 19. Ne5 b5 20. Qxh5 g6 21. Qg5 Qd8 22. Qxd8 Rxd8 23. c7 1-0

[Event "Bad Woerishofen op 28th"]
[Site "Bad Woerishofen"]
[Date "2012.03.08"]
[Round "7"]
[White "Sonnhalter, Stella"]
[Black "Taufratshofer, Martin"]
[Result "0-1"]
[WhiteElo "1788"]
[BlackElo "1965"]
[PlyCount "32"]
[EventDate "2012.03.02"]
[EventType "swiss"]
[EventRounds "9"]
[EventCountry "GER"]
[SourceTitle "EXT 2019"]
[Source "ChessBase"]
[SourceDate "2018.10.10"]
[SourceVersion "1"]
[SourceVersionDate "2018.10.10"]
[SourceQuality "1"]

1. e4 g6 2. d4 Bg7 3. Nc3 d6 4. f4 Nf6 5. Nf3 0-0 6. Bc4 Bg4 7. 0-0 e6 8. Be3 Nbd7 9. Qd2 Bxf3 10. Rxf3 Ng4 11. Raf1 c5 12. dxc5 Nxe3 13. Qxe3 dxc5 14. e5 Nb6 15. Qe2 Qd4+ 16. R1f2 Qxc4 0-1

[Event "Bad Woerishofen op 28th"]
[Site "Bad Woerishofen"]
[Date "2012.03.03"]
[Round "2"]
[White "Mader, Manuela"]
[Black "Sonnhalter, Stella"]
[Result "0-1"]
[WhiteElo "2201"]
[BlackElo "1788"]
[PlyCount "80"]
[EventDate "2012.03.02"]
[EventType "swiss"]
[EventRounds "9"]
[EventCountry "GER"]
[SourceTitle "EXT 2019"]
[Source "ChessBase"]
[SourceDate "2018.10.10"]
[SourceVersion "1"]
[SourceVersionDate "2018.10.10"]
[SourceQuality "1"]

1. d4 Nf6 2. c4 e6 3. Nf3 b6 4. g3 Ba6 5. Qc2 Bb7 6. Bg2 Be4 7. Qd1 c5 8. d5 exd5 9. Nc3 Nc6 10. cxd5 Bxf3 11. Bxf3 Nd4 12. d6 Bxd6 13. Bxa8 Qxa8 14. 0-0 h5 15. h4 0-0 16. Be3 Nf5 17. Qd3 Nxe3 18. Qxe3 Re8 19. Qd3 Be5 20. Rad1 Qb8 21. Qf3 Bxc3 22. bxc3 Qe5 23. Rfe1 d5 24. Qd3 Ne4 25. Rc1 Re6 26. f4 Qd6 27. Rf1 Nxg3 28. Qxg3 Rg6 29. Qxg6 Qxg6+ 30. Kf2 Qg4 31. Ke3 Qxh4 32. Rcd1 Qe7+ 33. Kf2 Qe4 34. Ke1 Qc2 35. Rf3 Qxa2 36. Rfd3 Qc4 37. Rxd5 Qxf4 38. Rxh5 g6 39. Rd8+ Kg7 40. Rhd5 Qc1+ 0-1

[Event "Bad Woerishofen op 28th"]
[Site "Bad Woerishofen"]
[Date "2012.03.02"]
[Round "1"]
[White "Sonnhalter, Stella"]
[Black "Matzat, Andre"]
[Result "1-0"]
[WhiteElo "1788"]
[BlackElo "2128"]
[PlyCount "71"]
[EventDate "2012.03.02"]
[EventType "swiss"]
[EventRounds "9"]
[EventCountry "GER"]
[SourceTitle "EXT 2019"]
[Source "ChessBase"]
[SourceDate "2018.10.10"]
[SourceVersion "1"]
[SourceVersionDate "2018.10.10"]
[SourceQuality "1"]

1. e4 c5 2. Nf3 e6 3. d4 cxd4 4. Nxd4 a6 5. Nc3 b5 6. Be3 Bb7 7. f3 Qc7 8. Be2 Nf6 9. g4 d5 10. g5 b4 11. Na4 Nfd7 12. exd5 Bxd5 13. Rc1 Nc6 14. c4 bxc3 15. Nxc3 Bb4 16. Kf2 Bxc3 17. Rxc3 Qb7 18. Nxc6 Bxc6 19. Qd6 Rc8 20. Rhc1 Nb8 21. Rb3 Qd7 22. Rxb8 Qxd6 23. Rxc8+ Kd7 24. Rxh8 Qxh2+ 25. Ke1 Qe5 26. Rd1+ Ke7 27. Rd3 Bd5 28. Bc5+ Kd7 29. Rf8 Qxb2 30. Rxf7+ Kc6 31. Ba3 Qe5 32. f4 Qa1+ 33. Kf2 Qxa2 34. Rc3+ Kb6 35. Bc5+ Kc6 36. Bd4+ 1-0

[Event "GER-chT U20 Girls"]
[Site "Osnabrueck"]
[Date "2011.12.30"]
[Round "7.1"]
[White "Sonnhalter, Stella"]
[Black "Wilke, Tabea"]
[Result "1-0"]
[WhiteElo "1833"]
[BlackElo "1148"]
[PlyCount "87"]
[EventDate "2011.12.27"]
[EventType "team-swiss"]
[EventRounds "7"]
[EventCountry "GER"]
[SourceTitle "CBM 146 Extra"]
[Source "ChessBase"]
[SourceDate "2012.02.29"]
[SourceVersion "1"]
[SourceVersionDate "2012.02.29"]
[SourceQuality "1"]
[WhiteTeam "Heusweiler SC Reti (W)"]
[BlackTeam "Hattersheim (W)"]
[WhiteTeamCountry "GER"]
[BlackTeamCountry "GER"]

1. e4 c5 2. Nc3 e6 3. f4 a6 4. Nf3 Nc6 5. d3 d6 6. g3 Nge7 7. Bg2 g6 8. 0-0 Bg7 9. Kh1 0-0 10. Qe2 Rb8 11. g4 Re8 12. Qf2 b6 13. Nh4 Nd4 14. Nd1 Nec6 15. c3 Ne2 16. Bd2 e5 17. f5 Nf4 18. Bxf4 exf4 19. fxg6 Be5 20. gxh7+ Kxh7 21. Nf5 Kg6 22. d4 cxd4 23. cxd4 Nxd4 24. Nxd4 Bd7 25. Nf5 Rh8 26. Qf3 Rh7 27. Nc3 Qh8 28. h3 Bxf5 29. exf5+ Kg7 30. Nd5 Bxb2 31. Rab1 Kf8 32. Nxf4 Qd4 33. Rbd1 Qb4 34. Ng6+ Kg8 35. Ne7+ Kh8 36. f6 Be5 37. Nc6 Qb2 38. Nxb8 Rh6 39. Nd7 Bd4 40. Qa8+ Kh7 41. Nf8+ Kg8 42. Ne6+ Kh7 43. Ng5+ Kg6 44. Qg8# 1-0

[Event "GER-chT U20 Girls"]
[Site "Osnabrueck"]
[Date "2011.12.27"]
[Round "1.1"]
[White "Dorn, Carina"]
[Black "Sonnhalter, Stella"]
[Result "1-0"]
[WhiteElo "1879"]
[BlackElo "1833"]
[PlyCount "52"]
[EventDate "2011.12.27"]
[EventType "team-swiss"]
[EventRounds "7"]
[EventCountry "GER"]
[SourceTitle "CBM 146 Extra"]
[Source "ChessBase"]
[SourceDate "2012.02.29"]
[SourceVersion "1"]
[SourceVersionDate "2012.02.29"]
[SourceQuality "1"]
[WhiteTeam "Muelheim Nord (W)"]
[BlackTeam "Heusweiler SC Reti (W)"]
[WhiteTeamCountry "GER"]
[BlackTeamCountry "GER"]

1. d4 Nf6 2. c4 e6 3. Nc3 Bb4 4. Qc2 Bxc3+ 5. Qxc3 Ne4 6. Qc2 f5 7. e3 b6 8. Nf3 Bb7 9. Bd3 0-0 10. 0-0 d6 11. Nd2 Qh4 12. f3 Ng5 13. d5 Rf6 14. f4 Rh6 15. fxg5 Qxh2+ 16. Kf2 Qh4+ 17. Ke2 Qxg5 18. Nf3 Qxg2+ 19. Rf2 Qg4 20. Bd2 Rh3 21. Rg1 Qh5 22. Rg5 Qe8 23. Rfg2 g6 24. Nd4 e5 25. Bxf5 exd4 26. Bxh3 dxe3 1-0

[Event "GER-ch U18 Girls"]
[Site "Oberhof"]
[Date "2011.06.13"]
[Round "3"]
[White "Bochis, Julia"]
[Black "Sonnhalter, Stella"]
[Result "1-0"]
[WhiteElo "2128"]
[BlackElo "1748"]
[PlyCount "141"]
[EventDate "2011.06.11"]
[EventType "swiss"]
[EventRounds "9"]
[EventCountry "GER"]
[SourceTitle "CBM 142 Extra"]
[Source "ChessBase"]
[SourceDate "2011.06.27"]
[SourceVersion "1"]
[SourceVersionDate "2011.06.27"]
[SourceQuality "1"]

1. e4 c5 2. Nf3 Nc6 3. d4 cxd4 4. Nxd4 g6 5. c4 Bg7 6. Be3 Nf6 7. Nc3 0-0 8. Be2 d6 9. 0-0 Nxd4 10. Bxd4 Be6 11. Rc1 Qa5 12. Kh1 Rac8 13. Nd5 Nxd5 14. exd5 Bf5 15. Bxg7 Kxg7 16. Qd4+ Kg8 17. a3 Qc5 18. Qd2 b6 19. b4 Qc7 20. Rfe1 Rfd8 21. Qe3 Qd7 22. f3 h5 23. Qg5 f6 24. Qf4 g5 25. Qd4 Kf7 26. Rc3 Rg8 27. Re3 Rce8 28. c5 bxc5 29. bxc5 dxc5 30. Qxc5 Rc8 31. Qd4 g4 32. fxg4 hxg4 33. Ba6 Rce8 34. a4 Qd6 35. Bb5 Bd7 36. Bd3 g3 37. Qe4 Rg7 38. Qh4 gxh2 39. Qh5+ Kg8 40. Bg6 Rc8 41. Rf1 Rc4 42. Bf5 Bxf5 43. Qxf5 Rcg4 44. Qh5 Kf8 45. Rc3 R4g6 46. Rc8+ Kf7 47. Qh8 Rg8 48. Rxg8 Rxg8 49. Qh5+ Kf8 50. Rc1 Kg7 51. Rc4 f5 52. Qxf5 Qf6 53. Rg4+ Kf7 54. Qe6+ Qxe6 55. dxe6+ Kf8 56. Rf4+ Ke8 57. Kxh2 Rg6 58. Re4 Kf8 59. g4 Kg7 60. Kg3 Kf6 61. Kf4 Rg5 62. Rc4 Ra5 63. Re4 Rg5 64. Kg3 Ra5 65. Kh3 Rg5 66. Kh4 Ra5 67. Rf4+ Kxe6 68. g5 Re5 69. Kh5 Re1 70. Kh6 Rh1+ 71. Kg7 1-0

[Event "Saarland-ch A 85th"]
[Site "Homburg"]
[Date "2010.04.03"]
[Round "9"]
[White "Sonnhalter, Stella"]
[Black "Schreck, Alexander"]
[Result "1-0"]
[WhiteElo "1730"]
[BlackElo "1840"]
[PlyCount "55"]
[EventDate "2010.03.28"]
[EventType "swiss"]
[EventRounds "9"]
[EventCountry "GER"]
[SourceTitle "EXT 2011"]
[Source "ChessBase"]
[SourceDate "2010.11.26"]
[SourceVersion "1"]
[SourceVersionDate "2010.11.26"]
[SourceQuality "1"]

1. e4 d6 2. d4 Nf6 3. f3 c5 4. d5 e6 5. c4 b5 6. cxb5 exd5 7. exd5 Bb7 8. Nc3 Qe7+ 9. Be2 g6 10. Nh3 Bg7 11. 0-0 0-0 12. Re1 Re8 13. Nf2 Nbd7 14. Bg5 h6 15. Bxf6 Nxf6 16. Bc4 Qc7 17. Qd2 Nd7 18. a4 Nb6 19. Ba2 Kh7 20. a5 Bxc3 21. bxc3 Nd7 22. Qf4 Ne5 23. a6 Bc8 24. Ne4 Re7 25. Qf6 Rd7 26. f4 Nd3 27. Re3 c4 28. Ng5+ 1-0

[Event "GER-chT U20 Girls "]
[Site "Chemnitz"]
[Date "2009.12.29"]
[Round "6.1"]
[White "Sonnhalter, Stella"]
[Black "Endress, Anna"]
[Result "1/2-1/2"]
[WhiteElo "1730"]
[BlackElo "2090"]
[PlyCount "50"]
[EventDate "2009.12.27"]
[EventType "team-swiss"]
[EventRounds "7"]
[EventCountry "GER"]
[SourceTitle "EXT 2022"]
[Source "ChessBase"]
[SourceDate "2021.10.06"]
[SourceVersion "1"]
[SourceVersionDate "2021.10.06"]
[SourceQuality "1"]
[WhiteTeam "Heusweiler SC Reti U20 Girls"]
[BlackTeam "Mainz Schott U20 Girls"]
[WhiteTeamCountry "GER"]
[BlackTeamCountry "GER"]

1. e4 c5 2. Nf3 e6 3. d4 cxd4 4. Nxd4 a6 5. Nc3 Qc7 6. Be3 Bb4 7. Qd2 Nf6 8. f3 d5 9. Bd3 e5 10. exd5 exd4 11. Bxd4 Nxd5 12. 0-0 Nxc3 13. bxc3 Bd6 14. Rae1+ Be6 15. f4 Nc6 16. f5 Nxd4 17. cxd4 0-0-0 18. fxe6 Bxh2+ 19. Kh1 fxe6 20. c3 Rd5 21. Rf3 Rh5 22. Rh3 Rxh3 23. gxh3 Bg3 24. Rxe6 Rf8 25. Qe3 Bd6 1/2-1/2

[Event "GER-chT DLM U20"]
[Site "Wismar"]
[Date "2009.09.30"]
[Round "1"]
[White "Pauly, Carlo"]
[Black "Sonnhalter, Stella"]
[Result "1-0"]
[WhiteElo "2032"]
[BlackElo "1746"]
[PlyCount "69"]
[EventDate "2009.09.30"]
[EventType "team-swiss"]
[EventRounds "7"]
[EventCountry "GER"]
[SourceTitle "CBM 132 Extra"]
[Source "ChessBase"]
[SourceDate "2009.11.03"]
[SourceVersion "1"]
[SourceVersionDate "2009.11.03"]
[SourceQuality "1"]
[WhiteTeam "Nordrhein Westfalen U20"]
[BlackTeam "Saarland U20"]
[WhiteTeamCountry "GER"]
[BlackTeamCountry "GER"]

1. c4 c5 2. g3 Nf6 3. Bg2 d5 4. cxd5 Nxd5 5. Nc3 Nc7 6. Nf3 Nc6 7. 0-0 e5 8. d3 Be7 9. b3 0-0 10. Bb2 f6 11. Rc1 Be6 12. Nd2 Qd7 13. a3 Rac8 14. Na4 b6 15. b4 Nd4 16. e3 Ne2+ 17. Qxe2 Qxa4 18. bxc5 bxc5 19. f4 Qb5 20. Nc4 exf4 21. gxf4 Rfd8 22. e4 Rb8 23. Ba1 Qd7 24. f5 Bf7 25. Rcd1 Rb3 26. e5 Bd5 27. Be4 Nb5 28. Nd6 Bxe4 29. dxe4 Nxd6 30. exd6 Bxd6 31. Rxd6 Qxd6 32. Qc4+ Kf8 33. Qxb3 Qd2 34. Qc3 Qd6 35. e5 1-0